| 000 | 00323nam a22001217a 4500 | ||
|---|---|---|---|
| 020 | _a8123907516 | ||
| 082 |
_a551.49 _bNAG/AR |
||
| 100 |
_aNagabhushaniah,H.S _9623 |
||
| 245 | _aGroundwater In Hydrosphere (Ground Water Hydrology) | ||
| 260 |
_aNew Delhi _bCBS Publishers & Distributors _c2001 |
||
| 300 | _a387 | ||
| 942 | _cBK | ||
| 999 |
_c14386 _d14386 |
||